[Event "Bad Woerishofen Seniors op 28th"]
[Site "Bad Woerishofen"]
[Date "2012.03.10"]
[Round "9.57"]
[White "Grueneschild, Hildegard"]
[Black "Ludwig, Egbert"]
[Result "1-0"]
[WhiteElo "1414"]
[BlackElo "1183"]
[PlyCount "121"]
[EventDate "2012.03.02"]
[EventType "swiss"]
[EventRounds "9"]
[EventCountry "GER"]
[SourceTitle "EXT 2022"]
[Source "ChessBase"]
[SourceDate "2021.10.06"]
[SourceVersion "1"]
[SourceVersionDate "2021.10.06"]
[SourceQuality "1"]

1. c4 e6 2. Nc3 d5 3. cxd5 exd5 4. d4 Nf6 5. Qc2 c6 6. Nf3 Nbd7 7. e3 Be7 8. Be2 0-0 9. 0-0 Re8 10. Re1 Nf8 11. Bd3 Bg4 12. Ne5 Bh5 13. h3 N6d7 14. Nxd7 Qxd7 15. Bd2 Bb4 16. Ne2 Bxd2 17. Qxd2 Bg6 18. Nf4 Bxd3 19. Nxd3 b6 20. Ne5 Qc7 21. Rac1 Re6 22. Qd3 f6 23. Nf3 g6 24. Rc2 Kg7 25. e4 Qd7 26. e5 f5 27. Ng5 Re7 28. f4 Ne6 29. Qg3 h5 30. Nf3 Rc8 31. Qh4 Rf7 32. Rd1 Qe7 33. Qg3 Qd7 34. Nh4 Nf8 35. Nf3 Ne6 36. h4 Qd8 37. Rdc1 Rcc7 38. Kf2 Qd7 39. Ke3 Qe7 40. Ng5 Nf8 41. Kd3 Ne6 42. Nf3 Qe8 43. Ng5 Qe7 44. Qe3 Nxg5 45. fxg5 Qe6 46. Qf4 Rf8 47. g3 Kg8 48. b4 b5 49. Rc5 a6 50. a3 Kg7 51. Rf1 Kg8 52. Kc3 Kg7 53. Kb3 Kg8 54. Ra1 Rd8 55. Rb1 Rb8 56. Ra1 a5 57. bxa5 Ra7 58. Kb4 Rba8 59. Rac1 Ra6 60. a4 bxa4 61. Kxa4 1-0

[Event "Bad Woerishofen Seniors op 28th"]
[Site "Bad Woerishofen"]
[Date "2012.03.07"]
[Round "6.57"]
[White "Ludwig, Egbert"]
[Black "Helbig, Dieter"]
[Result "0-1"]
[WhiteElo "1183"]
[BlackElo "1795"]
[PlyCount "98"]
[EventDate "2012.03.02"]
[EventType "swiss"]
[EventRounds "9"]
[EventCountry "GER"]
[SourceTitle "EXT 2022"]
[Source "ChessBase"]
[SourceDate "2021.10.06"]
[SourceVersion "1"]
[SourceVersionDate "2021.10.06"]
[SourceQuality "1"]

1. d4 g6 2. Nf3 Bg7 3. g3 d6 4. Bg2 Nf6 5. 0-0 0-0 6. c4 c6 7. Nc3 Nbd7 8. Qc2 Nb6 9. b3 Re8 10. Rd1 Qc7 11. e4 e5 12. dxe5 dxe5 13. h3 h6 14. Be3 Be6 15. c5 Nbd7 16. b4 Kh7 17. Qd2 Rad8 18. Qd6 Qc8 19. Rd2 Bf8 20. Qd3 Nb8 21. Qe2 Rxd2 22. Qxd2 Bxh3 23. Rd1 Bxg2 24. Kxg2 Ng4 25. Nh2 Nxe3+ 26. Qxe3 h5 27. f3 Rd8 28. Qe2 Rd7 29. Rxd7 Qxd7 30. Qd1 Qxd1 31. Nxd1 b6 32. a3 bxc5 33. bxc5 Bxc5 34. a4 Bd4 35. Nf1 Nd7 36. Nd2 Nc5 37. Nc4 Nxa4 38. Nde3 Nb6 39. f4 Nxc4 40. Nxc4 exf4 41. gxf4 f6 42. Kf3 Kg7 43. Na5 Bb6 44. Nc4 Bc7 45. e5 fxe5 46. fxe5 Kf7 47. Kf4 a5 48. Ke4 a4 49. Nb2 a3 0-1

[Event "MVP-ch Seniors op 11th"]
[Site "Binz"]
[Date "2011.12.06"]
[Round "7.74"]
[White "Maczollek, Helmut"]
[Black "Ludwig, Egbert"]
[Result "1-0"]
[WhiteElo "1468"]
[BlackElo "1109"]
[PlyCount "85"]
[EventDate "2011.11.30"]
[EventType "swiss"]
[EventRounds "9"]
[EventCountry "GER"]
[SourceTitle "EXT 2013"]
[Source "ChessBase"]
[SourceDate "2012.11.22"]
[SourceVersion "1"]
[SourceVersionDate "2012.11.22"]
[SourceQuality "1"]

1. d4 e6 2. Nf3 d5 3. e3 Nf6 4. Bd3 Bd6 5. Nbd2 c5 6. b3 Nc6 7. a3 0-0 8. 0-0 e5 9. dxe5 Nxe5 10. Be2 b6 11. Bb2 Re8 12. c4 dxc4 13. Nxc4 Nxf3+ 14. Bxf3 Bg4 15. Qxd6 Bxf3 16. Qxd8 Raxd8 17. Bxf6 Be2 18. Bxd8 Bxf1 19. Kxf1 Rxd8 20. Ke2 Kf8 21. Ne5 Rd6 22. a4 f6 23. Nc4 Rd7 24. Rd1 Ke7 25. Rxd7+ Kxd7 26. e4 Ke6 27. f4 g6 28. Kf3 f5 29. g3 fxe4+ 30. Kxe4 a6 31. Nxb6 Kd6 32. Nc4+ Ke6 33. Na5 Kd6 34. g4 h6 35. h3 g5 36. fxg5 hxg5 37. Kf5 Kd5 38. Kxg5 c4 39. Nxc4 Kc5 40. Kf5 Kb4 41. g5 Kxb3 42. g6 Kxc4 43. g7 1-0

[Event "GER-ch Seniors 23rd"]
[Site "Halle"]
[Date "2011.08.07"]
[Round "3"]
[White "Ludwig, Egbert"]
[Black "Seidel, Arnold"]
[Result "0-1"]
[WhiteElo "1467"]
[BlackElo "2018"]
[PlyCount "100"]
[EventDate "2011.08.05"]
[EventType "swiss"]
[EventRounds "9"]
[EventCountry "GER"]
[SourceTitle "CBM 144 Extra"]
[Source "ChessBase"]
[SourceDate "2011.10.28"]
[SourceVersion "1"]
[SourceVersionDate "2011.10.28"]
[SourceQuality "1"]

1. d4 d5 2. Nf3 Bf5 3. g3 Nc6 4. Bg2 e6 5. 0-0 h6 6. c4 dxc4 7. Qa4 Qd7 8. Qxc4 Nf6 9. Rd1 Be4 10. Nc3 Na5 11. Qb5 Qxb5 12. Nxb5 Nd5 13. Nd2 Bxg2 14. Kxg2 a6 15. Nc3 Nb4 16. Nf3 0-0-0 17. a3 Nbc6 18. e3 Nb3 19. Rb1 f6 20. Rd3 e5 21. d5 f5 22. Rd1 e4 23. Nh4 Ne7 24. Kf1 g5 25. Ng2 Bg7 26. h4 Rd6 27. h5 Rhd8 28. Ne1 Nxd5 29. Nxd5 Rxd5 30. Rxd5 Rxd5 31. Ke2 Nxc1+ 32. Rxc1 Bxb2 33. Rc2 Bxa3 34. Ra2 Bd6 35. Nc2 c5 36. Na3 b5 37. Ke1 Kb7 38. Ke2 c4 39. Nc2 Bc5 40. Nd4 Bxd4 41. exd4 Rxd4 42. Ke3 Rd3+ 43. Ke2 Kb6 44. Rc2 c3 45. Ra2 b4 46. Ra1 Kb5 47. Rd1 Rxd1 48. Kxd1 b3 49. Kc1 Kc4 50. Kd1 a5 0-1

[Event "GER-ch Seniors 23rd"]
[Site "Halle"]
[Date "2011.08.05"]
[Round "1"]
[White "Schwertel, Johann"]
[Black "Ludwig, Egbert"]
[Result "1-0"]
[WhiteElo "2021"]
[BlackElo "1467"]
[PlyCount "27"]
[EventDate "2011.08.05"]
[EventType "swiss"]
[EventRounds "9"]
[EventCountry "GER"]
[SourceTitle "CBM 144 Extra"]
[Source "ChessBase"]
[SourceDate "2011.10.28"]
[SourceVersion "1"]
[SourceVersionDate "2011.10.28"]
[SourceQuality "1"]

1. d4 e6 2. Nf3 d5 3. Bf4 c5 4. c3 Nc6 5. e3 Bd6 6. Bg3 Qc7 7. Bd3 Nf6 8. Nbd2 0-0 9. dxc5 Bxg3 10. hxg3 e5 11. Be2 h6 12. 0-0 e4 13. Nd4 b6 14. N2b3 1-0

[Event "Hessen-ch Seniors op 07th"]
[Site "Bad Sooden-Allendorf"]
[Date "2011.05.08"]
[Round "9"]
[White "Ludwig, Egbert"]
[Black "Koehler, Marianne"]
[Result "0-1"]
[WhiteElo "1147"]
[BlackElo "1374"]
[PlyCount "106"]
[EventDate "2011.04.30"]
[EventType "swiss"]
[EventRounds "9"]
[EventCountry "GER"]
[SourceTitle "EXT 2012"]
[Source "ChessBase"]
[SourceDate "2011.11.24"]
[SourceVersion "1"]
[SourceVersionDate "2011.11.24"]
[SourceQuality "1"]

1. d4 g6 2. Nf3 d6 3. c4 Bg7 4. g3 h6 5. Bg2 e6 6. 0-0 Ne7 7. Qc2 0-0 8. Rd1 d5 9. b3 Re8 10. Nbd2 Nd7 11. e4 c6 12. cxd5 exd5 13. Re1 Nf8 14. Bb2 dxe4 15. Nxe4 Bf5 16. Rad1 Nd5 17. Nh4 Bxe4 18. Bxe4 f5 19. Bxd5+ Qxd5 20. Qc4 Qxc4 21. bxc4 c5 22. Nf3 Rad8 23. Ba3 Rxe1+ 24. Rxe1 cxd4 25. Bc5 b6 26. Bxd4 Bxd4 27. Rd1 Bf6 28. Re1 Kf7 29. a4 Ne6 30. h3 Nd4 31. Kg2 Nxf3 32. Kxf3 Rd4 33. Rc1 Be7 34. Ke3 Bc5 35. Kf3 g5 36. Ke2 h5 37. f3 g4 38. h4 Kf6 39. Rc3 Bb4 40. Rd3 Rxc4 41. Rd7 gxf3+ 42. Kxf3 Rc3+ 43. Kg2 a6 44. Rd4 a5 45. Rd5 Rc2+ 46. Kh3 Rd2 47. Rb5 Bc5 48. Rb1 Rd4 49. Ra1 Rd3 50. Ra2 Bd6 51. Rg2 Ra3 52. Rd2 Rxg3+ 53. Kh2 Rd3+ 0-1

[Event "GER-ch Seniors 22nd"]
[Site "Berlin"]
[Date "2010.08.24"]
[Round "9"]
[White "Ludwig, Egbert"]
[Black "Goepfart, Dietrich"]
[Result "1/2-1/2"]
[WhiteElo "1162"]
[BlackElo "1423"]
[PlyCount "73"]
[EventDate "2010.08.16"]
[EventType "swiss"]
[EventRounds "9"]
[EventCountry "GER"]
[SourceTitle "CBM 138 Extra"]
[Source "ChessBase"]
[SourceDate "2010.10.29"]
[SourceVersion "1"]
[SourceVersionDate "2010.10.29"]
[SourceQuality "1"]

1. d4 d5 2. Nf3 Nf6 3. c4 c6 4. cxd5 cxd5 5. Nc3 e6 6. Bf4 Bd6 7. Bxd6 Qxd6 8. e3 0-0 9. Bd3 a6 10. 0-0 Nbd7 11. Rc1 b5 12. a3 Bb7 13. b4 Nb6 14. Ne5 Nc4 15. Nxc4 dxc4 16. Bb1 Rfd8 17. Re1 Rd7 18. f3 Rad8 19. e4 Qxd4+ 20. Qxd4 Rxd4 21. Red1 Rxd1+ 22. Rxd1 Rxd1+ 23. Nxd1 g6 24. Kf2 Nd7 25. f4 f5 26. Ke3 Kf7 27. h4 Ke7 28. g3 Bxe4 29. Bxe4 fxe4 30. Kxe4 Kd6 31. Kd4 e5+ 32. fxe5+ Nxe5 33. Ne3 Nc6+ 34. Ke4 a5 35. Nd5 axb4 36. axb4 h5 37. Nc3 1/2-1/2

[Event "GER-ch Seniors 22nd"]
[Site "Berlin"]
[Date "2010.08.16"]
[Round "1"]
[White "Gramse, Hartmut"]
[Black "Ludwig, Egbert"]
[Result "1-0"]
[WhiteElo "1811"]
[BlackElo "1162"]
[PlyCount "59"]
[EventDate "2010.08.16"]
[EventType "swiss"]
[EventRounds "9"]
[EventCountry "GER"]
[SourceTitle "CBM 138 Extra"]
[Source "ChessBase"]
[SourceDate "2010.10.29"]
[SourceVersion "1"]
[SourceVersionDate "2010.10.29"]
[SourceQuality "1"]

1. e4 e6 2. d4 d5 3. Nc3 Nf6 4. e5 Nfd7 5. Nce2 c5 6. c3 Nc6 7. a3 Qb6 8. b4 cxd4 9. cxd4 Be7 10. Nf3 0-0 11. Nf4 f6 12. Nxe6 Rf7 13. Nc5 fxe5 14. Nxd7 Bxd7 15. dxe5 Bg4 16. Be2 Bxf3 17. gxf3 Bh4 18. Rf1 Rd8 19. Bb2 Kh8 20. Rc1 d4 21. e6 Re7 22. Bc4 Ne5 23. Ba2 Bg5 24. Rc5 Bf4 25. Rg1 Bxh2 26. Rh1 Bf4 27. Rh4 Bg5 28. Rxd4 Bf6 29. Rxd8+ Qxd8 30. Qxd8+ 1-0

[Event "Niedersachsen-ch Seniors op 13th"]
[Site "Bad Bevensen"]
[Date "2010.07.12"]
[Round "7"]
[White "Ludwig, Egbert"]
[Black "Geibel, Henning"]
[Result "1-0"]
[WhiteElo "1162"]
[BlackElo "1105"]
[PlyCount "111"]
[EventDate "2010.07.06"]
[EventType "swiss"]
[EventRounds "9"]
[EventCountry "GER"]
[SourceTitle "EXT 2012"]
[Source "ChessBase"]
[SourceDate "2011.11.24"]
[SourceVersion "1"]
[SourceVersionDate "2011.11.24"]
[SourceQuality "1"]

1. d4 d5 2. Nf3 Bf5 3. g3 e6 4. Bg2 Nc6 5. c4 dxc4 6. Qa4 Bb4+ 7. Bd2 Bxd2+ 8. Nbxd2 Nge7 9. Qxc4 0-0 10. 0-0 a6 11. e4 Bg6 12. a3 b5 13. Qe2 Nxd4 14. Nxd4 Qxd4 15. Nb3 Qe5 16. f4 Qd6 17. Rfd1 Qb6+ 18. Kf1 c5 19. Rac1 c4 20. Na1 Rad8 21. b3 Rxd1+ 22. Rxd1 Rc8 23. Qc2 Nc6 24. bxc4 bxc4 25. Qxc4 Ne7 26. Qb3 Qb5+ 27. Qxb5 axb5 28. Nb3 h5 29. Rc1 Rb8 30. Rc7 Nc8 31. Ke2 Nd6 32. Nd4 Nc4 33. Nc2 Rd8 34. Ke1 Rd2 35. Rc8+ Kh7 36. Ne3 Rd4 37. Nxc4 bxc4 38. Ke2 Rd3 39. Rxc4 Rxa3 40. Rc2 Ra4 41. Kd3 f5 42. e5 Be8 43. Bc6 Bxc6 44. Rxc6 Ra2 45. Rc2 Rxc2 46. Kxc2 g6 47. h4 Kg7 48. Kc3 Kf7 49. Kc4 Ke7 50. Kc5 Kd7 51. Kb6 Ke7 52. Kc7 Ke8 53. Kd6 Kf7 54. Kd7 g5 55. hxg5 Kg6 56. Kxe6 1-0

[Event "Niedersachsen-ch Seniors op 13th"]
[Site "Bad Bevensen"]
[Date "2010.07.11"]
[Round "6"]
[White "Freerksen, Uwe"]
[Black "Ludwig, Egbert"]
[Result "1-0"]
[WhiteElo "1219"]
[BlackElo "1162"]
[PlyCount "69"]
[EventDate "2010.07.06"]
[EventType "swiss"]
[EventRounds "9"]
[EventCountry "GER"]
[SourceTitle "EXT 2012"]
[Source "ChessBase"]
[SourceDate "2011.11.24"]
[SourceVersion "1"]
[SourceVersionDate "2011.11.24"]
[SourceQuality "1"]

1. d4 e6 2. c4 d5 3. e3 Nf6 4. Nc3 c6 5. Nf3 Nbd7 6. Bd3 Bd6 7. c5 Bc7 8. Bc2 b6 9. b4 a5 10. Ba3 axb4 11. Bxb4 bxc5 12. Bxc5 Nxc5 13. dxc5 Ba6 14. Bd3 Ba5 15. Qc2 0-0 16. 0-0 Bxd3 17. Qxd3 Bxc3 18. Qxc3 Qa5 19. Qd4 Ne4 20. Rfc1 Qa4 21. Ne5 Qxd4 22. exd4 Rfc8 23. f4 f6 24. Nd7 Rc7 25. Nb6 Re8 26. a4 f5 27. a5 Nf6 28. a6 Ra7 29. h3 Ree7 30. Nc8 Rec7 31. Nxa7 Rxa7 32. Rcb1 Nd7 33. Rb7 Rxb7 34. axb7 Nb8 35. Ra8 1-0

[Event "Niedersachsen-ch Seniors op 13th"]
[Site "Bad Bevensen"]
[Date "2010.07.06"]
[Round "1"]
[White "Ludwig, Egbert"]
[Black "Cassens, Erhard Otto"]
[Result "0-1"]
[WhiteElo "1162"]
[BlackElo "1762"]
[PlyCount "78"]
[EventDate "2010.07.06"]
[EventType "swiss"]
[EventRounds "9"]
[EventCountry "GER"]
[SourceTitle "EXT 2012"]
[Source "ChessBase"]
[SourceDate "2011.11.24"]
[SourceVersion "1"]
[SourceVersionDate "2011.11.24"]
[SourceQuality "1"]

1. d4 e6 2. Nf3 f5 3. c4 Nf6 4. g3 c6 5. Bg2 d5 6. b3 Bd6 7. Ba3 Bxa3 8. Nxa3 Qa5+ 9. Nd2 Qxa3 10. cxd5 cxd5 11. Qc2 0-0 12. 0-0 Nc6 13. Nb1 Qd6 14. Qc5 Qd7 15. Nd2 b6 16. Qc3 Ba6 17. Rfe1 Rac8 18. Nf3 Ne4 19. Qe3 Qd6 20. Rec1 Nb4 21. Qf4 Qxf4 22. gxf4 Nc2 23. Rab1 Bxe2 24. Rb2 Bxf3 25. Bxf3 Nxd4 26. Rxc8 Rxc8 27. Bg2 Rc1+ 28. Bf1 Nc2 29. Kg2 Nc3 30. Bd3 Ne1+ 31. Kg3 Nxd3 32. Rd2 Rg1+ 33. Kf3 Ne1+ 34. Ke3 Ne4 35. Re2 Ng2+ 36. Kd4 Nxf4 37. Rc2 Kf7 38. f3 Rd1+ 39. Ke5 Ng6# 0-1

[Event "Bayern-ch Seniors 22nd"]
[Site "Bergen"]
[Date "2010.06.13"]
[Round "2"]
[White "Siegl, Wolfgang"]
[Black "Ludwig, Egbert"]
[Result "1-0"]
[WhiteElo "1618"]
[BlackElo "1214"]
[PlyCount "113"]
[EventDate "2010.06.12"]
[EventType "swiss"]
[EventRounds "9"]
[EventCountry "GER"]
[SourceTitle "EXT 2011"]
[Source "ChessBase"]
[SourceDate "2010.11.26"]
[SourceVersion "1"]
[SourceVersionDate "2010.11.26"]
[SourceQuality "1"]

1. d4 e6 2. Nf3 d5 3. Bf4 Nf6 4. e3 c5 5. c3 Qb6 6. Qc2 Nbd7 7. Nbd2 Bd6 8. Bg3 0-0 9. Be2 cxd4 10. exd4 h6 11. Ne5 Re8 12. f4 Nf8 13. 0-0 Bd7 14. Rf2 Rac8 15. Bh4 Be7 16. Nb3 Bb5 17. Bxf6 Bxf6 18. Nc5 Be7 19. Ned3 Bd6 20. a4 Bc6 21. b4 a6 22. Ne5 Bxe5 23. fxe5 Qc7 24. Raf1 Re7 25. Rf3 Be8 26. Bd3 a5 27. b5 b6 28. Nb3 Qxc3 29. Qxc3 Rxc3 30. Bh7+ Nxh7 31. Rxc3 Ng5 32. Rc8 Kf8 33. Rfc1 Ne4 34. Rb8 f6 35. exf6 Nxf6 36. Rxb6 e5 37. dxe5 Nd7 38. Rf1+ Bf7 39. Ra6 Rxe5 40. Ra8+ Ke7 41. Nxa5 Re4 42. Nc6+ Ke6 43. Nd8+ Kd6 44. Nxf7+ Kc5 45. Rc1+ Kb4 46. Nd6 Re2 47. a5 d4 48. Rc4+ Kb3 49. Rxd4 Re1+ 50. Kf2 Re7 51. b6 Nc5 52. Ra7 Re6 53. b7 Nd7 54. b8Q+ Nxb8 55. Rb7+ Kc3 56. Nb5+ Kb3 57. Rxb8 1-0

[Event "Mecklenburg VP-ch Seniors op 09th"]
[Site "Binz"]
[Date "2009.12.09"]
[Round "9.65"]
[White "Winkel, Eckart"]
[Black "Ludwig, Egbert"]
[Result "1-0"]
[WhiteElo "1084"]
[BlackElo "1296"]
[PlyCount "86"]
[EventDate "2009.12.01"]
[EventType "swiss"]
[EventRounds "9"]
[EventCountry "GER"]
[SourceTitle "EXT 2022"]
[Source "ChessBase"]
[SourceDate "2021.10.06"]
[SourceVersion "1"]
[SourceVersionDate "2021.10.06"]
[SourceQuality "1"]

1. e4 e6 2. d4 d5 3. e5 c5 4. Nf3 Nc6 5. c3 Qb6 6. b3 cxd4 7. cxd4 Bb4+ 8. Bd2 Bd7 9. Bxb4 Nxb4 10. Be2 Bb5 11. 0-0 Bxe2 12. Qxe2 Rc8 13. Na3 Ne7 14. Qb5+ Nec6 15. Qxb6 axb6 16. Nb5 0-0 17. Nd6 Rc7 18. Nb5 Re7 19. Rfc1 f6 20. Rc3 fxe5 21. dxe5 Rf5 22. a3 Na6 23. Re1 Nc5 24. Nd6 Rf8 25. Ng5 Na7 26. b4 Na4 27. Rf3 Nc8 28. Rxf8+ Kxf8 29. Nxc8 Re8 30. Nd6 Re7 31. Nxh7+ Kg8 32. Ng5 g6 33. Rc1 Nb2 34. Rc8+ Kg7 35. Ne8+ Kh6 36. h4 Nc4 37. Nf6 Nxe5 38. Ng8+ Kg7 39. Nxe7 Kf6 40. Rc7 d4 41. Ng8+ Kf5 42. Ne7+ Kg4 43. g3 d3 1-0

[Event "Mecklenburg VP-ch Seniors op 09th"]
[Site "Binz"]
[Date "2009.12.01"]
[Round "1.55"]
[White "Fleischer, Matthias"]
[Black "Ludwig, Egbert"]
[Result "1-0"]
[WhiteElo "1761"]
[BlackElo "1296"]
[PlyCount "65"]
[EventDate "2009.12.01"]
[EventType "swiss"]
[EventRounds "9"]
[EventCountry "GER"]
[SourceTitle "EXT 2022"]
[Source "ChessBase"]
[SourceDate "2021.10.06"]
[SourceVersion "1"]
[SourceVersionDate "2021.10.06"]
[SourceQuality "1"]

1. c4 e6 2. Nc3 d5 3. d4 Nf6 4. Bg5 Nbd7 5. e3 c6 6. a3 Be7 7. Nf3 0-0 8. Qc2 h6 9. Bf4 Re8 10. Be2 Nb6 11. c5 Nbd7 12. h3 b6 13. b4 a5 14. 0-0 axb4 15. axb4 Rxa1 16. Rxa1 Bb7 17. Ra7 Nh5 18. Rxb7 Nxf4 19. exf4 Nf6 20. Rxb6 Qa8 21. Ra6 Qb7 22. Qa4 Rc8 23. Ra7 Qb8 24. Rxe7 Qa8 25. Ra7 Qb8 26. Ne5 Ne4 27. Nxe4 dxe4 28. Rxf7 Rc7 29. Bc4 Kh7 30. Bxe6 Rxf7 31. Bxf7 Qc7 32. Bg6+ Kg8 33. Qa8+ 1-0